[Event "AUT-ch Open 2020"]
[Site "Graz"]
[Date "2020.02.14"]
[Round "1.5"]
[White "Secheres, Adrian-Simion"]
[Black "Palczert, Matyas"]
[Result "0-1"]
[WhiteElo "2387"]
[BlackElo "2094"]
[Annotator "TA"]
[PlyCount "96"]
[EventDate "2020.02.14"]
[EventType "swiss"]
[EventCountry "AUT"]
[SourceTitle "playchess.com"]
[Source "ChessBase"]
[SourceQuality "1"]

{[%evp 11,96,6,12,7,8,19,5,-1,10,5,36,37,45,48,22,0,33,12,16,12,77,0,0,-27,-42,-71,31,14,15,7,10,14,19,25,29,25,21,12,16,0,10,0,9,-10,-10,-7,0,0,0,-14,0,0,0,0,4,0,0,0,0,0,0,0,-6,-235,-235,-458,-210,-202,-201,-176,-153,-297,-293,-670,-659,-1040,-987,-1504,-1854,-1912,-1613,-1301,-1164,-1391,-852,-6179,-5704]} 1. d4 Nf6 2. c4 e6 3. Nc3 Bb4 4. Qc2 O-O 5. Nf3 d5 6. cxd5 exd5 7. Bf4 {E32: Nimzo-Indian: Classical (4 Qc2): 4...0-0.} c5 8. dxc5 Ne4 9. e3 {The position is equal.} Nd7 10. Be2 {[#]} Qa5 $146 {[%cal Re4c3]} ({Predecessor:} 10... Ndxc5 11. O-O Bf5 12. Nxe4 Bxe4 13. Qd1 Ne6 14. Be5 Rc8 15. Qa4 Qb6 16. Rfc1 a6 {1-0 (109) Miron,L (2480)-Patrascu,C (2280) Baile Govora 2017}) 11. O-O Bxc3 12. bxc3 Ndxc5 13. Be5 h6 14. Rac1 Bf5 15. Qb2 Rac8 (15... Na4 $11 {keeps the balance.} 16. Qa3 (16. Qxb7 Nexc3 17. Qa6 Nxe2+ 18. Qxe2 Rac8 $14) 16... Rac8) 16. c4 (16. Nd4 $16 Bg6 17. Nb3) 16... Na4 $11 17. Qa1 f6 18. Bd4 {[#]} Be6 (18... Qa6 $1 $17) 19. Bd3 Nec5 20. Bxc5 Nxc5 21. Be2 Ne4 {[%cal Rd5c4]} 22. Nd4 Bf7 $1 {[%cal Rd5c4]} 23. cxd5 Bxd5 24. Bd3 Qa3 25. Rcd1 Qc3 26. Bxe4 (26. Rfe1 {seems wilder.} Qxa1 27. Rxa1 Rfd8 28. a4 Kf7 29. Rec1) 26... Bxe4 27. Qxc3 Rxc3 28. Rd2 Rfc8 29. f3 Bg6 (29... Bc6 {with more complications.} 30. Kf2 Rc7 31. h4 Bd7 32. Rfd1 Ba4) 30. Kf2 Rc1 31. Rxc1 Rxc1 {[%mdl 4096] Endgame KRB-KRN} 32. e4 Bf7 33. Nf5 Be6 34. Rd8+ Kh7 35. Nd4 Bxa2 36. Rd7 Rd1 {aiming for ...Bc4.} 37. Ke3 $2 (37. Ke2 $1 $11 Rb1 38. Ke3) 37... Bc4 $19 38. f4 $2 (38. Rxb7 Rd3+ 39. Kf2 Rxd4 40. Rxa7) 38... a5 (38... Rd3+ $142 39. Kf2 b5) 39. e5 {[#]} fxe5 $1 40. fxe5 a4 {[%cal Ba5a4,Ba4a3,Ba3a2][%mdl 32]} 41. Rc7 (41. e6 $17) 41... b5 {Hoping for ...a3.} 42. Nf5 $2 (42. Ra7 Re1+ 43. Kf3) 42... a3 {Black is clearly winning.} 43. Nxg7 a2 44. Nh5+ Kg6 45. g4 Re1+ 46. Kf4 Rf1+ 47. Kg3 Bf7 48. Nf4+ {[#]} Rxf4 $1 {[%mdl 512] Accuracy: White = 58%, Black = 73%.} 0-1

[Event "AUT-ch Open 2020"]
[Site "Graz"]
[Date "2020.02.14"]
[Round "1.6"]
[White "Exler, Veronika"]
[Black "Istratescu, Andrei"]
[Result "0-1"]
[WhiteElo "2203"]
[BlackElo "2552"]
[Annotator "TA"]
[PlyCount "114"]
[EventDate "2020.02.14"]
[EventType "swiss"]
[EventCountry "AUT"]
[SourceTitle "playchess.com"]
[Source "ChessBase"]
[SourceQuality "1"]

{[%evp 18,114,-45,-41,-22,-29,-39,-39,-40,-20,-24,-18,-18,-12,-16,-12,0,0,0,0,0,0,0,0,0,0,0,0,0,0,9,9,40,18,13,22,10,10,14,6,12,0,0,0,0,0,0,0,0,0,0,-5,0,0,0,-6,0,0,0,-8,-2,-6,-6,-6,-1,-8,-10,-27,-31,-49,-38,-48,-59,-93,-89,-95,-95,-135,-145,-122,-104,-254,-260,-253,-237,-315,-293,-428,-428,-531,-509,-1022,-973,-5737,-5604,-29983,-29984,-29965,-118]} 1. e4 c5 2. c3 Nf6 3. e5 Nd5 4. d4 cxd4 5. Nf3 Nc6 6. cxd4 d6 7. Bc4 Nb6 8. Bb3 dxe5 9. dxe5 Qxd1+ 10. Bxd1 Nc4 {B22: Sicilian: 2 c3.} 11. Ba4 Bd7 12. Bxc6 Bxc6 {Black is slightly better.} 13. Nbd2 {[#]} Nb6 $146 ({Predecessor:} 13... Nxd2 14. Bxd2 e6 15. O-O Bc5 16. Rac1 Bb6 17. Bb4 f6 18. Rfe1 Kf7 19. Nd2 Bd5 {½-½ (73) Traistaru,T (2205)-Paulet,I (2342) Eforie Nord 2009}) 14. O-O e6 15. Nd4 Bd5 16. Nb5 {Nc7+ is the strong threat.} Kd7 17. Rd1 Be7 18. Ne4 Rhd8 19. b3 a6 20. Nbc3 Ke8 21. Be3 Bxe4 $1 22. Rxd8+ Bxd8 23. Nxe4 Nc8 24. Rc1 h6 25. Kf1 b6 26. Ke2 Ne7 27. Nd6+ Kf8 28. a4 Nd5 29. Rc6 Ke7 30. Ne4 Kd7 31. Rc2 Be7 32. g3 Rb8 33. f4 h5 34. Bd2 f5 35. exf6 gxf6 36. Be3 f5 37. Nf2 h4 38. Nd3 {With the idea Ne5+.} Bd6 39. Bd4 hxg3 40. hxg3 b5 41. Be5 bxa4 42. bxa4 Rb3 43. Rc4 Ra3 44. Bxd6 Kxd6 $15 {[%mdl 4096] Endgame KRN-KRN} 45. Ne5 Rxg3 {Threatens to win with ...Nxf4+!} 46. Rc6+ Ke7 47. Kf2 Ra3 48. Rxa6 Nxf4 49. Nc6+ {[#]} (49. a5 $17) 49... Kf6 $1 $19 50. Nd4 Nh3+ 51. Ke2 {[#]} Ng5 $1 52. a5 (52. Nc2 {was called for.} Ra2 53. Kd3) 52... f4 53. Ra8 {and the idea a6 leaves White hopeful.} Ke5 54. Nc6+ (54. Rd8 $142 f3+ 55. Ke1) 54... Ke4 55. Rb8 f3+ 56. Kf1 Ra1+ 57. Kf2 Nh3+ $2 {Accuracy: White = 67%, Black = 98%.} (57... Ra2+ {mates} 58. Kf1 Nh3 59. Rb4+ Kd5 60. Rd4+ Kxc6 61. Re4 Rg2 62. Ke1 Kd5 63. Re3 Rg1+ 64. Kd2 f2 65. Rf3 f1=Q 66. Rxf1 Rxf1 67. Ke2 Ra1 68. Kd3 e5 69. Kd2 Rxa5 70. Kd3 Rc5 71. Ke3 e4 72. Kd2 Kd4 73. Ke2 Rc2+ 74. Ke1 Kd3 75. Kf1 e3 76. Ke1 Rc1#) 0-1

[Event "AUT-ch Open 2020"]
[Site "Graz"]
[Date "2020.02.14"]
[Round "1.6"]
[White "Zoernpfenning, Siegfried"]
[Black "Tomazini, Zan"]
[Result "0-1"]
[WhiteElo "2094"]
[BlackElo "2386"]
[Annotator "TA"]
[PlyCount "64"]
[EventDate "2020.02.14"]
[EventType "swiss"]
[EventCountry "AUT"]
[SourceTitle "playchess.com"]
[Source "ChessBase"]
[SourceQuality "1"]

{[%evp 9,64,10,70,61,77,71,70,70,106,101,102,95,99,96,103,16,13,12,31,11,78,20,31,21,28,20,37,0,0,0,0,0,33,31,176,170,165,175,159,156,171,135,147,141,144,68,64,33,91,-402,-315,-585,-595,-594,-579,-29988,-29989]} 1. d4 Nf6 2. Bf4 g6 3. Nf3 Bg7 4. Nc3 d6 5. Qd2 h6 (5... O-O $11) 6. e4 $14 {A48: 1 d4 Nf6 2 Nf3 g6: Torre, London and Colle Systems.} e6 {[#]} 7. h3 $146 ({Predecessor:} 7. e5 Nh5 8. Be3 dxe5 9. dxe5 Qxd2+ 10. Bxd2 Nc6 11. g4 Nxe5 12. Nxe5 Bxe5 13. gxh5 {1-0 (36) Carrick,P-Kaye,M Guernsey 2001}) 7... b6 8. Bb5+ {White is slightly better.} Kf8 9. e5 dxe5 10. Nxe5 (10. dxe5 $6 Qxd2+ 11. Kxd2 (11. Bxd2 Nfd7 $11) 11... Nfd7 $11) 10... Bb7 11. O-O Nd5 12. Be2 (12. Rad1 $16) 12... Nxf4 $11 13. Qxf4 {[%csl Ge5][%cal Rf4f7]} Qf6 14. Qe3 Kg8 (14... Qg5 $11 15. Qxg5 hxg5) 15. Ne4 (15. Nb5 $16) 15... Qe7 16. f4 $36 {[%mdl 2048] Black is under pressure.} Nd7 17. Bf3 Rd8 18. Qc3 c5 19. Qa3 Bxe4 20. Bxe4 {And now Nc6 would win.} Qd6 21. Rad1 Nf6 (21... Qc7 $14) 22. Qxa7 $18 Rf8 {[#]} 23. Bf3 $1 cxd4 24. c3 g5 25. cxd4 gxf4 26. Kh1 h5 27. a3 (27. Nc6 $16) 27... Ng4 $14 28. Nc4 ({Much weaker is} 28. Nxg4 $6 hxg4 29. Bxg4 Bxd4 $15) (28. Nc6 $5 {[%cal Ra7e7]} Rh6 29. a4 $14) 28... Qd8 {[#]} (28... Qb8 $1 $14 29. Qxb8 (29. Qxb6 Qxb6 30. Nxb6 Ne3 $17 {[%mdl 64] Double Attack}) 29... Rxb8) 29. Bxg4 $2 {[%mdl 8192]} ({And not} 29. Qxb6 Qxb6 30. Nxb6 Ne3 $17) (29. d5 $1 $16 {[%cal Rd5e6] is forced if you want to stay better. Hoping for dxe6.} e5 30. Qb7 (30. Qxb6 Qxb6 31. Nxb6 Ne3 $15 {[%mdl 64] Double Attack})) 29... hxg4 $19 30. Rxf4 $2 (30. Ne5 {is a better defense.} gxh3 31. Nf3) 30... gxh3 {( -> ...Qg5)} 31. Ne3 hxg2+ 32. Kxg2 {and the idea Rg4 leaves White hopeful.} Qg5+ {[%mdl 64] Double Attack. Accuracy: White = 49%, Black = 73%.} 0-1

[Event "AUT-ch Open 2020"]
[Site "Graz"]
[Date "2020.02.14"]
[Round "1.7"]
[White "Dragnev, Valentin"]
[Black "Nikolic, Vladan"]
[Result "1-0"]
[WhiteElo "2549"]
[BlackElo "2203"]
[Annotator "TA"]
[PlyCount "115"]
[EventDate "2020.02.14"]
[EventType "swiss"]
[EventCountry "AUT"]
[SourceTitle "playchess.com"]
[Source "ChessBase"]
[SourceQuality "1"]

{[%evp 18,115,21,8,23,0,12,8,14,0,0,0,3,2,6,15,19,18,26,26,17,6,18,15,15,15,16,12,13,20,22,13,18,26,25,25,38,23,63,82,102,91,91,91,89,88,91,91,91,91,91,84,104,104,147,84,140,114,119,120,121,122,122,122,122,124,137,119,140,140,148,122,152,154,149,136,253,0,114,85,202,127,136,134,142,144,135,37,158,122,162,147,150,0,170,156,29967,29969,5831,5739]} 1. d4 Nf6 2. c4 e6 3. Nf3 d5 4. g3 Be7 5. Bg2 O-O 6. O-O dxc4 7. Qc2 a6 8. a4 Bd7 9. Qxc4 Bc6 10. Bf4 Bd6 {E05: Open Catalan: 5 Nf3 Be7.} 11. Qc1 a5 12. Nc3 Na6 {The position is equal.} 13. Bd2 Be7 14. Rd1 Nb4 15. Qb1 Bxf3 16. Bxf3 c6 17. e3 Qb6 18. Ne4 Rfd8 {[#]} 19. Be1 $146 ({Predecessor:} 19. Bc3 Rd7 20. Nd2 Qa6 21. b3 Nfd5 22. Bb2 Qd3 23. Nc4 Qxb3 24. Ne5 Rc7 25. Be4 {1-0 (31) Theodorou,N (2541)-Matta,N (2123) Saint Louis 2019}) 19... Nxe4 (19... Nfd5 {is more complex.} 20. h4 Rac8 21. Bd2 h6 22. Nc3 c5) 20. Bxe4 h6 21. Bf3 Rd7 22. h4 Rad8 23. Be2 Nd5 24. Qc2 Bb4 25. Bc3 Qc7 26. Kg2 Bd6 27. Qe4 (27. e4 {seems wilder.} Nb4 28. Qb3 Be7 29. Rd2 c5 30. Bb5) 27... Nxc3 28. bxc3 Re8 29. Bd3 f5 30. Qf3 Rf7 31. e4 {[%cal Re4f5]} Kh8 32. e5 Bf8 33. Qh5 Kh7 34. Rab1 Rd8 35. Qf3 Qd7 36. Bc4 ({White should try} 36. g4) 36... Qe8 (36... g6 $142) 37. Rd2 Rc7 38. Rdb2 Rdd7 39. h5 g5 40. hxg6+ Qxg6 41. Rh1 Rg7 42. Rbb1 Rg8 43. Qe2 Qf7 44. Rb6 Be7 45. Qa2 Rg6 46. Be2 {Threatens to win with Bh5.} Rg5 {[#]} (46... Rg7 $16 {is a better defense.} 47. Bc4 (47. Qd2 Bg5 $16) 47... Rg6) 47. Bc4 (47. f4 $1 $18 {[%cal Rf4g5] is more deadly.} Rg8 48. Bh5) 47... Rg6 $16 48. Rhb1 h5 (48... Bd8 $16 {keeps fighting.}) 49. Be2 Rg7 50. Rxb7 Rxb7 51. Rxb7 h4 52. Qd2 (52. Qb1 $16) 52... Qg6 ({Better is} 52... hxg3 $1 $14 53. f4 (53. fxg3 Bg5 $14) 53... Kh8) 53. Qf4 Kg8 54. Rb8+ Kh7 55. Rb7 {Strongly threatening Rxe7!} Kg8 $1 56. Rc7 {aiming for Bc4.} Kh7 $2 {[#]} (56... Bg5 $16 57. Rc8+ Kh7) 57. Rxe7 $1 {[%mdl 512]} h3+ (57... Rxe7 58. Qxh4+) 58. Kh2 {Accuracy: White = 78%, Black = 70%.} 1-0

[Event "AUT-ch Open 2020"]
[Site "Graz"]
[Date "2020.02.14"]
[Round "1.7"]
[White "Freitag, Manfred"]
[Black "Tolonen, Mikko"]
[Result "1/2-1/2"]
[WhiteElo "2378"]
[BlackElo "2090"]
[Annotator "TA"]
[PlyCount "107"]
[EventDate "2020.02.14"]
[EventType "swiss"]
[EventCountry "AUT"]
[SourceTitle "playchess.com"]
[Source "ChessBase"]
[SourceQuality "1"]

{[%evp 17,107,-2,0,0,0,-7,-12,-13,-16,-55,-54,-51,70,71,87,0,4,0,0,6,5,6,0,0,8,0,18,12,18,-21,-21,-26,-12,-128,-21,-84,-24,-35,190,195,180,180,172,178,162,124,120,99,110,4,184,186,158,181,206,145,372,371,426,418,460,432,403,375,394,347,256,0,0,0,0,0,0,0,0,0,0,0,0,0,0,0,0,0,0,0,0,0,0,0,0,0]} 1. e4 e6 2. d4 d5 3. Nc3 Bb4 4. e5 c5 5. a3 Bxc3+ 6. bxc3 Qa5 7. Bd2 Qa4 8. Qg4 Kf8 9. h4 Ne7 10. h5 $1 {[%mdl 4] scores much better than the old 10.Rh3. C18: French: 3 Nc3 Bb4: Main line: 7 h4 and 7 Qg4.} h6 $1 11. Qd1 b6 12. Nf3 Ba6 13. dxc5 Bxf1 14. Kxf1 {[#]} Qc4+ $146 (14... bxc5 $15 15. Rh4 c4) ({Predecessor:} 14... bxc5 15. Rh4 Qc6 16. c4 Nd7 17. Qe2 Rb8 18. a4 Qa6 19. a5 dxc4 20. Rxc4 Nd5 {½-½ (28) Van Foreest,J (2621)-Vallejo Pons,F (2694) Douglas 2019}) 15. Qe2 $14 Qxc5 16. c4 (16. Rh4 $1 $16) 16... Qxc4 $11 17. Qxc4 dxc4 18. Rh4 Nbc6 19. Rxc4 Rd8 20. Bb4 Ke8 $1 21. Bd6 Rc8 22. Rd1 Na5 23. Rcd4 {aiming for Bxe7.} Nd5 24. Rg4 Rg8 25. Nd4 (25. Bb4 $11) 25... Rc4 (25... Nc4 $17 26. Rd3 Nxd6 27. exd6 Nf6) 26. Rd3 (26. Rg3 $11 {remains equal.}) 26... Nc6 (26... Nb7 $17) 27. c3 Nce7 $2 {[#]} (27... g5 $15) 28. Bxe7 $1 $18 Nxe7 29. Nb5 $36 {[%mdl 2048] Keeping Black busy.} Rc5 30. Nd6+ ({Don't play} 30. Nxa7 $6 Rxe5 31. Rb4 Rd5 $14) 30... Kd7 31. c4 {Rf4 is the strong threat.} Kc7 32. Nxf7 Nf5 33. Rf3 ({White should try} 33. g3 $16) 33... Rf8 $2 (33... Kd7 $1 $11 {and Black has nothing to worry.}) 34. Nd6 $1 {Threatens to win with Rxg7+!} Rxe5 35. Nxf5 Rexf5 36. Rxg7+ Kc6 $2 (36... Kd6 $16) 37. Rxf5 Rxf5 {[%mdl 4096] Endgame [#] KR-KR} 38. g4 $1 {[%cal Rg4f5]} Rf4 39. Kg2 Rxc4 40. Kg3 Rc3+ 41. Kf4 Rxa3 42. Ke5 $2 (42. Rh7 $18) 42... b5 $11 {The position is equal.} 43. Rg6 b4 {Hoping for ...b3.} 44. Rxe6+ Kc5 {And now ...b3 would win.} 45. Re8 $1 ({Don't blunder} 45. Rxh6 $2 b3 $19) 45... Ra6 {White must now prevent ...b3.} 46. Rc8+ Rc6 47. Rxc6+ {[%mdl 64] Overworked Piece} Kxc6 {K3P-K3P} 48. Kd4 Kd6 {[#]} 49. g5 $1 {[%mdl 512]} Ke6 (49... hxg5 50. h6) 50. gxh6 {Intending h7 and mate.} Kf7 51. f4 Kg8 52. f5 Kh7 53. f6 {White wants to mate with f7.} Kxh6 54. Kc4 {Accuracy: White = 75%, Black = 70%.} 1/2-1/2

[Event "AUT-ch Open 2020"]
[Site "Graz"]
[Date "2020.02.14"]
[Round "1.7"]
[White "Zoernpfenning, Siegfried"]
[Black "Tomazini, Zan"]
[Result "*"]
[WhiteElo "2094"]
[BlackElo "2386"]
[Annotator "RC"]
[PlyCount "27"]
[EventDate "2020.02.14"]
[EventType "swiss"]
[EventCountry "AUT"]
[SourceTitle "playchess.com"]
[Source "ChessBase"]
[SourceQuality "1"]
[TimeControl "40/5400+30:1800+30"]

1. e4 {[%emt 0:00:00]} e6 {[%emt 0:00:00]} 2. d4 {[%emt 0:00:00]} d5 {[%emt 1:31:00]} 3. Nc3 {[%emt 0:00:11]} Bb4 {[%emt 0:00:00]} 4. e5 {[%emt 1:31:49]} c5 {[%emt 0:00:08]} 5. a3 {[%emt 0:00:07]} Bxc3+ {[%emt 0:00:10]} 6. bxc3 {[%emt 0:00:02]} Qa5 {[%emt 0:00:16]} 7. Bd2 {[%emt 0:00:07]} Qa4 {[%emt 0:00:07]} 8. Qg4 {[%emt 0:00:08]} Kf8 {[%emt 0:00:09]} 9. h4 {[%emt 0:01:42]} Ne7 {[%emt 0:02:51]} 10. h5 {[%emt 0:02:25]} h6 {[%emt 0:00:36]} 11. Qd1 {[%emt 1:30:32]} b6 {[%emt 0:00:41]} 12. Nf3 {[%emt 0:00:27]} Ba6 {[%emt 0:02:17]} 13. dxc5 {[%emt 0:00:27]} Bxf1 {[%emt 1:29:15]} 14. Kxf1 {[%emt 0:00:01]} *

[Event "AUT-ch Open 2020"]
[Site "Graz"]
[Date "2020.02.14"]
[Round "1.8"]
[White "Bauer, Thomas"]
[Black "Palac, Mladen"]
[Result "0-1"]
[WhiteElo "2201"]
[BlackElo "2536"]
[Annotator "TA"]
[PlyCount "60"]
[EventDate "2020.02.14"]
[EventType "swiss"]
[EventCountry "AUT"]
[SourceTitle "playchess.com"]
[Source "ChessBase"]
[SourceQuality "1"]

{[%evp 12,60,20,6,-3,-24,-22,-51,-41,-59,-55,-70,-58,-97,-70,-80,-68,-74,-71,-85,-65,-75,-84,-155,-154,-146,-83,-200,-180,-162,-114,-121,-123,-260,-247,-352,-361,-357,-385,-360,-304,-577,-424,-491,-472,-605,-612,-829,-816,-800,-769]} 1. e4 c5 2. Nf3 Nc6 3. Bb5 e6 4. O-O Nge7 5. Re1 a6 6. Bf1 d5 7. d3 d4 {7...d4 is better than 7...g6. B30: Sicilian: 2...Nc6 3 Bb5, lines without ...g6.} 8. g3 e5 {[#]} 9. Na3 $146 ({Predecessor:} 9. a4 Ng6 10. Na3 Rb8 11. h4 Bg4 12. Be2 Be7 13. Nh2 Bd7 14. h5 Nf8 15. Bg4 {½-½ (50) Tekeyev,Z (2392)-Malakhov,I (2423) Sochi 2018}) 9... b5 {Black is slightly better.} 10. c4 Rb8 11. b3 f6 12. Nd2 g6 13. Be2 Bg7 14. Bg4 O-O 15. Bxc8 Nxc8 16. cxb5 axb5 17. Nf3 ({White should try} 17. Nc2) 17... Nd6 $17 18. Bd2 Ra8 (18... Qc7 $142 19. Qe2 Qa7) 19. Nc2 (19. Qc1 $17 {only move.}) 19... Qd7 20. a4 b4 21. Re2 f5 {[#] And now ...fxe4 would win.} 22. Nfe1 (22. Nce1 $17) 22... Qf7 $19 {Threatens to win with ...fxe4.} 23. Rb1 (23. exf5 $142 Qxb3 24. fxg6) 23... fxe4 24. dxe4 {[#]} Nxe4 $1 {[%mdl 512]} 25. Nd3 (25. Rxe4 Qxf2+) 25... Qf5 26. Nce1 $2 (26. Rxe4 Qxe4 27. Nxc5) 26... Nxd2 {Black is clearly winning.} 27. Rxd2 e4 28. g4 Qf7 29. Rc1 exd3 30. Nxd3 Bh6 {[%mdl 64] Skewer. Accuracy: White = 42%, Black = 77%.} 0-1

[Event "AUT-ch Open 2020"]
[Site "Graz"]
[Date "2020.02.14"]
[Round "1.8"]
[White "Czernek, Tymon"]
[Black "Kozak, Antoni"]
[Result "0-1"]
[WhiteElo "2089"]
[BlackElo "2372"]
[Annotator "TA"]
[PlyCount "62"]
[EventDate "2020.02.14"]
[EventType "swiss"]
[EventCountry "AUT"]
[SourceTitle "playchess.com"]
[Source "ChessBase"]
[SourceQuality "1"]

{[%evp 16,92,0,-7,7,-9,13,0,0,-36,0,-11,0,-81,-37,-81,-51,-148,-129,-184,-176,-162,-166,-173,-178,-181,-178,-170,-127,-241,-233,-236,-234,-299,-261,-251,-221,-314,-304,-313,-294,-300,-301,-369,-353,-377,-374,-380,-384,-384,-347,-383,-384,-375,-379,-374,-368,-377,-370,-484,-468,-690,-660,-656,-643,-707,-684,-686,-678,-683,-736,-723,-719,-696,-692,-764,-777,-697,-672]} 1. e4 c5 2. Nf3 d6 3. d3 Nc6 4. g3 g6 5. Bg2 Bg7 6. O-O e5 7. c3 Nge7 8. a3 O-O 9. b4 Qc7 {9...a6 is becoming the main line. A04: Unusual lines after 1 Nf3 and King's Indian Attack.} 10. Nbd2 h6 11. Nb3 b6 {The position is equal.} 12. Be3 {[#]} Ba6 $146 ({Predecessor:} 12... Be6 13. b5 Nd8 14. Nfd2 Nb7 15. c4 f5 16. Bh3 Qd7 17. f3 g5 18. Qe2 Nd8 {0-1 (41) Kovacocy,P (2278)-Jancovic,P (2289) Slovakia 2018}) 13. Rb1 Rad8 14. Qd2 (14. c4 $11 {remains equal.} Bb7 15. Qc1) 14... Kh7 15. Rfd1 d5 16. exd5 (16. Qa2 $15) 16... Nxd5 $17 {aiming for ...e4!} 17. bxc5 {[#]} (17. c4 $17 {keeps fighting.} Nxe3 {[%mdl 64] Overworked Piece} 18. Qxe3 cxb4 19. axb4 Nxb4 20. Nc1) 17... e4 $1 $19 {[%cal Re4f3][%mdl 512]} 18. Nfd4 (18. dxe4 Nxc3) 18... Bxd3 19. cxb6 axb6 20. Rbc1 Ne5 21. Bf4 Rc8 22. Qe1 (22. Re1 $17) 22... Nxf4 23. gxf4 Ng4 24. h3 {[#]} Nf6 $1 ({Weaker is} 24... Qxf4 25. hxg4 Be5 26. Rxd3 $17) 25. f5 g5 26. Nd2 (26. Bf1 $142) 26... Rfe8 27. Nf1 Bf8 28. a4 Ba3 29. Nb5 Bxb5 $1 30. axb5 Bxc1 31. Rxc1 Re5 {Played: Qc7-c4} 0-1

[Event "AUT-ch Open 2020"]
[Site "Graz"]
[Date "2020.02.14"]
[Round "1.9"]
[White "Novikov, Stanislav"]
[Black "Tonndorf, Matthias"]
[Result "1-0"]
[WhiteElo "2531"]
[BlackElo "2193"]
[Annotator "TA"]
[PlyCount "49"]
[EventDate "2020.02.14"]
[EventType "swiss"]
[EventCountry "AUT"]
[SourceTitle "playchess.com"]
[Source "ChessBase"]
[SourceQuality "1"]

{[%evp 14,49,36,27,21,0,3,0,33,24,20,21,27,36,33,33,31,20,30,13,63,62,56,74,65,65,55,55,64,71,224,227,233,229,5427,1881,29997,29998]} 1. e4 c5 2. Nf3 e6 3. d4 cxd4 4. Nxd4 a6 5. Nc3 Qc7 6. Be2 Bc5 7. O-O Nc6 8. Nb3 Ba7 {B47: Sicilian: Taimanov: 5 Nc3 Qc7 6 f4, 6 g3 and 6 Be2.} 9. Kh1 Nge7 10. f4 {[#]} f5 $146 {The position is equal.} ({Predecessor:} 10... b5 11. e5 Nb4 12. a3 Nbd5 13. Ne4 Nf5 14. Qd3 Bb7 15. Bd2 Rc8 16. Rac1 h5 {1-0 (27) Bennedik,M (2006)-Worzelberger,A (1762) Frankfurt 2018}) 11. Nd5 exd5 12. exd5 Qd6 13. dxc6 Qxd1 $1 14. Rxd1 dxc6 15. Na5 Nd5 16. Bf3 Kf7 17. Nc4 Rd8 18. Bd2 Be6 19. Ba5 Rdb8 20. Re1 Kf6 21. Rad1 b6 $2 {[#]} (21... Bc5 $16 {was called for.}) 22. Bxd5 $1 $18 Bxd5 23. Bc3+ Kg6 $2 (23... Kf7) 24. Ne5+ Kh5 25. Re3 {Accuracy: White = 100%, Black = 50%.} 1-0

[Event "AUT-ch Open 2020"]
[Site "Graz"]
[Date "2020.02.14"]
[Round "1.10"]
[White "Polterauer, Chiara"]
[Black "Stanec, Nikolaus"]
[Result "0-1"]
[WhiteElo "2187"]
[BlackElo "2520"]
[Annotator "TA"]
[PlyCount "88"]
[EventDate "2020.02.14"]
[EventType "swiss"]
[EventCountry "AUT"]
[SourceTitle "playchess.com"]
[Source "ChessBase"]
[SourceQuality "1"]

{[%evp 18,88,26,26,35,33,45,42,53,52,63,55,85,14,27,-39,41,41,42,45,44,0,0,0,20,19,48,31,42,15,22,0,8,9,1,-83,-75,-68,-70,-70,-60,-50,-38,-84,-94,-85,-79,-76,-65,-60,-65,-66,-63,-76,-66,-97,-95,-397,-397,-390,-390,-390,-383,-379,-372,-1725,-1649,-6327,-6311,-6295,-6287,-5302,-5281]} 1. e4 c5 2. Nf3 d6 3. d4 cxd4 4. Nxd4 Nf6 5. Nc3 Nc6 6. Be2 g6 7. Be3 Bg7 8. O-O O-O 9. Qd2 Bd7 10. Nb3 Re8 {B73: Sicilian Dragon: Classical System without 9 Nb3.} 11. f3 Rc8 {[#]} 12. Rac1 $146 ({Predecessor:} 12. Kh1 Qc7 13. Rac1 Ne5 14. Rfd1 a6 15. a4 Nc4 16. Bxc4 Qxc4 17. a5 h5 18. Qf2 {0-1 (46) Grove,P (2162)-Rostgaard,T (2302) Horsens 2017}) 12... Be6 {White is slightly better.} 13. Nd5 Nd7 14. c4 b6 15. Rc2 (15. Na1 $16) 15... Nc5 $11 16. Nd4 (16. Re1 $11) 16... Bd7 (16... Bxd5 $15 17. exd5 Nxd4 18. Bxd4 Bxd4+ 19. Qxd4 e5) 17. Nxc6 $14 Bxc6 18. b4 Nd7 19. Bd4 Bxd5 20. exd5 a5 21. a3 Ra8 22. Bxg7 Kxg7 23. Rb1 Qc7 24. h4 Nf6 25. Qd4 Kg8 26. c5 (26. Rc3 $11) 26... axb4 $17 27. axb4 bxc5 28. bxc5 dxc5 29. Rxc5 Qd6 30. Rbc1 Red8 31. Bb5 Ra2 32. Bc4 Ra4 33. Qe3 Qb6 {[#] ...Nd7 is the strong threat.} 34. Qf2 Rb4 35. Rc6 Qb8 36. Qc5 Rb1 37. Ba2 $2 {[%mdl 8192]} (37. Rxb1 $17 Qxb1+ 38. Kf2) 37... Rxc1+ $19 {[%mdl 64] [#] Overworked Piece} 38. Qxc1 Qa7+ {[%mdl 64] Double Attack} 39. Qc5 Qxa2 40. Qxe7 Qb1+ 41. Kf2 $2 (41. Kh2 Qb8+ 42. Qc7 Nxd5 43. Qxb8 Rxb8 44. g4) 41... Re8 {Black is clearly winning.} 42. d6 Rxe7 43. dxe7 Qb2+ 44. Kg1 Qa1+ {Accuracy: White = 45%, Black = 87%.} 0-1